Aritmética /

Guardado en:
Autor Principal: Banfi, José
Formato: Libro
Publicado: Buenos Aires : Libreria del Colegio, 1946
Materias:
Etiquetas: Agregar Etiqueta
Sin Etiquetas, Sea el primero en etiquetar este registro!
LEADER 00560nam a22001935a 4500
001 CEM.cems000823
005 20060210000000.0
008 130507s1946##################000#0#####d
003 CEMS
082 0 4 |a 511 
100 1 |a Banfi, José 
245 1 0 |a Aritmética / 
260 |a Buenos Aires :  |b Libreria del Colegio,  |c 1946 
300 |a 235 p. 
505 0 |a Ejercicios de aplicación de aritmetica -- Cálculos mercantiles 
653 |a Aritmetica 
653 |a Matematica 
653 |a Matematica 1er. aÑo 
859 |a CEMS  |b BIB. CEMS - 11 de abril  |h 511  |i B224/I  |p 1711.74  |t Ej.1